000 00378cam a2200157ua 4500
041 _aeng
_h
082 _a828.09
_bBEE/AC
100 _aBeer , J B .
245 _aAchievement of E M Forster /
_cJ B Beer.
_hTextual Documents
250 _a1 /
_b.
260 _aLondon :
_bChatto and Windus ,
_c1963.
300 _a225 ; .
504 _a
942 _cBK
999 _c3557
_d3557